[Event "29. Schweinfurt Open"]
[Site "Schweinfurt"]
[Date "2019.06.23"]
[Round "6.10"]
[White "Althaus, Lennart"]
[Black "Brueckner, Alexander"]
[Result "0-1"]
[WhiteElo "1549"]
[BlackElo "1875"]
[PlyCount "58"]
[EventDate "2019.??.??"]
[WhiteTeam "TV-Großostheim"]
[BlackTeam "SF Augsburg / SW"]

1. c4 e5 2. Nc3 Nc6 3. g3 d6 4. Bg2 Be6 5. d3 Qd7 6. e4 g6 7. a3 Bg7 8. b4 Nge7
9. Be3 O-O 10. Qd2 f5 11. Nge2 Rae8 12. O-O Nd4 13. Bxd4 exd4 14. Nd5 c6 15.
Nxe7+ Rxe7 16. exf5 Bxf5 17. Rfe1 Rfe8 18. Kf1 Bg4 19. Ng1 Bf5 20. a4 Bh6 21.
f4 Re3 22. Rxe3 Rxe3 23. Ra3 g5 24. Nf3 gxf4 25. Nxd4 f3 26. Nxf5 fxg2+ 27. Kg1
Qxf5 28. Qd1 Rf3 29. Qe2 Be3+ 0-1

[Event "29. Schweinfurt Open"]
[Site "Schweinfurt"]
[Date "2019.06.23"]
[Round "6.11"]
[White "Markwardt, Sven"]
[Black "Bombe, Bernhard"]
[Result "1/2-1/2"]
[WhiteElo "1729"]
[BlackElo "1845"]
[PlyCount "86"]
[EventDate "2019.??.??"]
[WhiteTeam "SK Schweinfurt 2000"]
[BlackTeam "SK Tarrasch München"]

1. c4 Nf6 2. Nc3 e6 3. Nf3 d5 4. d4 Bb4 5. Bg5 O-O 6. e3 h6 7. Bh4 c6 8. Qc2
Nbd7 9. Bd3 Qa5 10. O-O dxc4 11. Bxc4 Re8 12. e4 g5 13. Bg3 b5 14. Bb3 Bb7 15.
Rac1 Rac8 16. Qe2 a6 17. e5 Bxc3 18. exf6 Bb4 19. Be5 Nxf6 20. Bxf6 Be7 21.
Bxe7 Rxe7 22. Ne5 Qb6 23. Rcd1 c5 24. Qh5 Kg7 25. dxc5 Qxc5 26. Ng4 Rh8 27. Rd8
Qc6 28. Bd5 exd5 29. Rxh8 Kxh8 30. Nxh6 Qg6 31. Nxf7+ Kg7 32. Qxg6+ Kxg6 33.
Nd6 Bc6 34. f3 Rd7 35. Nc8 Bb7 36. Rc1 d4 37. Kf2 Kf6 38. Ke2 Bd5 39. b3 d3+
40. Kd2 Bb7 41. Nb6 Rd6 42. Nc8 Rd8 43. Nb6 Rd6 1/2-1/2

[Event "29. Schweinfurt Open"]
[Site "Schweinfurt"]
[Date "2019.06.23"]
[Round "6.12"]
[White "Perez Celis, Alba"]
[Black "Nicola, Marius"]
[Result "1/2-1/2"]
[WhiteElo "1822"]
[BlackElo "1505"]
[PlyCount "44"]
[EventDate "2019.??.??"]
[WhiteTeam "SV Malchow / NES"]
[BlackTeam "SK Schweinfurt 2000"]

1. e4 c5 2. Nc3 a6 3. Nf3 d6 4. d4 cxd4 5. Nxd4 Nf6 6. Be2 e5 7. Nf3 Be7 8. O-O
O-O 9. Bg5 Be6 10. Qd2 Nbd7 11. Rad1 h6 12. Be3 Ng4 13. h3 Nxe3 14. Qxe3 Nf6
15. Nxe5 Rc8 16. a3 Qa5 17. Nf3 Rfe8 18. Nd4 Bd8 19. Kh1 Bb6 20. Bf3 Qe5 21.
Rfe1 Rc4 22. Nce2 Rxc2 1/2-1/2

[Event "29. Schweinfurt Open"]
[Site "Schweinfurt"]
[Date "2019.06.23"]
[Round "6.14"]
[White "Heiduk, Christoph"]
[Black "Wirth, Reinhard"]
[Result "1-0"]
[WhiteElo "1875"]
[BlackElo "1736"]
[PlyCount "45"]
[EventDate "2019.??.??"]
[WhiteTeam "SC Bayerwald Regen/Zwiesel"]
[BlackTeam "SC Bergrheinfeld"]

1. d4 d5 2. c4 e6 3. Nc3 c5 4. cxd5 exd5 5. Nf3 Nc6 6. g3 Nf6 7. Bg5 Be7 8. Bg2
Be6 9. O-O h6 10. Be3 c4 11. Ne5 a6 12. h3 Rc8 13. f4 Bf5 14. g4 Be4 15. g5
Bxg2 16. gxf6 Bxf6 17. Kxg2 Ne7 18. Qc2 g6 19. Bf2 Rg8 20. Kh2 b5 21. Rad1 Qc7
22. e4 b4 23. Qa4+ 1-0

[Event "29. Schweinfurt Open"]
[Site "Schweinfurt"]
[Date "2019.06.23"]
[Round "6.15"]
[White "Wilm, Konrad"]
[Black "Memmel, Guenther"]
[Result "1/2-1/2"]
[WhiteElo "1735"]
[BlackElo "1865"]
[PlyCount "68"]
[EventDate "2019.??.??"]
[WhiteTeam "SK Arnstein"]
[BlackTeam "SK Schweinfurt 2000"]

1. e4 c5 2. Nf3 d6 3. Bc4 e6 4. O-O Nc6 5. c3 Nf6 6. Re1 a6 7. Bb3 Be7 8. h3 b5
9. d3 O-O 10. Nbd2 Bb7 11. Nf1 Qc7 12. Bg5 h6 13. Bd2 Ne5 14. Nxe5 dxe5 15. Bc2
Rfd8 16. Qe2 Rd7 17. Rad1 Rad8 18. f3 Nh5 19. g3 Nf6 20. Be3 a5 21. Qf2 Rc8 22.
Rc1 a4 23. a3 Nh7 24. h4 f5 25. c4 f4 26. Bd2 b4 27. Bxa4 Rxd3 28. Bc2 Rd4 29.
Qh2 fxg3 30. Qxg3 Kh8 31. Be3 bxa3 32. bxa3 Rxc4 33. Re2 Bf6 34. Rb1 Rc3
1/2-1/2

[Event "29. Schweinfurt Open"]
[Site "Schweinfurt"]
[Date "2019.06.23"]
[Round "6.16"]
[White "Hohner, Karl-Heinz"]
[Black "Ley, Reinhard"]
[Result "1/2-1/2"]
[WhiteElo "1806"]
[BlackElo "1709"]
[PlyCount "35"]
[EventDate "2019.??.??"]
[WhiteTeam "(vls) Kronach"]
[BlackTeam "SV Spr.Siershahn"]

1. e4 Nf6 2. Nc3 d5 3. e5 d4 4. exf6 dxc3 5. fxg7 cxd2+ 6. Bxd2 Bxg7 7. Qf3 e6
8. O-O-O Qf6 9. Qxf6 Bxf6 10. Nf3 Nc6 11. Bb5 Bd7 12. Rhe1 O-O-O 13. a3 a6 14.
Bd3 h6 15. Bf4 Rdg8 16. g3 Bg5 17. Bxg5 hxg5 18. h4 1/2-1/2

[Event "29. Schweinfurt Open"]
[Site "Schweinfurt"]
[Date "2019.06.23"]
[Round "6.17"]
[White "Brodt, Andreas"]
[Black "Kwossek, Martin"]
[Result "0-1"]
[WhiteElo "1696"]
[BlackElo "1800"]
[PlyCount "81"]
[EventDate "2019.??.??"]
[WhiteTeam "SK Schweinfurt 2000"]
[BlackTeam "SC Kitzingen"]

1. d4 Nf6 2. c4 e6 3. Nc3 Bb4 4. Nf3 c5 5. Bd2 O-O 6. e3 b6 7. Be2 Bb7 8. O-O
Nc6 9. a3 cxd4 10. exd4 Be7 11. b4 d5 12. c5 bxc5 13. bxc5 Ne4 14. Qb1 Nxd2 15.
Qxb7 Nxf3+ 16. Bxf3 Nxd4 17. c6 Nxf3+ 18. gxf3 Bf6 19. Rac1 Be5 20. Ne2 Qc7 21.
Qxc7 Bxc7 22. a4 Rfc8 23. f4 Kf8 24. Kg2 Ke7 25. Kf3 Rab8 26. Rfd1 Rb6 27. Nd4
a6 28. h4 Rb4 29. h5 Rxa4 30. Ra1 Rxa1 31. Rxa1 Bb6 32. Ne2 a5 33. Rc1 Kd6 34.
Rg1 g6 35. hxg6 hxg6 36. Rd1 Rxc6 37. Rd3 Rc4 38. Nc3 Bc5 39. Nb5+ Kc6 40. Na3
Bxa3 41. Rxa3 0-1

[Event "29. Schweinfurt Open"]
[Site "Schweinfurt"]
[Date "2019.06.23"]
[Round "6.18"]
[White "Schrutka, Friedrich"]
[Black "Braetz, Yannick"]
[Result "1/2-1/2"]
[WhiteElo "1794"]
[BlackElo "1669"]
[PlyCount "81"]
[EventDate "2019.??.??"]
[WhiteTeam "SF Bad Kissingen"]
[BlackTeam "SK Schweinfurt 2000"]

1. Nf3 Nf6 2. c4 g6 3. b3 Bg7 4. Bb2 O-O 5. g3 d6 6. Bg2 c5 7. O-O Nc6 8. a3 a6
9. d3 Rb8 10. Nbd2 Bd7 11. h3 Qc7 12. Qc2 b5 13. cxb5 Rxb5 14. Ng5 Rfb8 15.
Rab1 h6 16. Nge4 Nxe4 17. Bxg7 Nxd2 18. a4 Rxb3 19. Rxb3 Rxb3 20. Bxh6 Nxf1 21.
Qxb3 Qb8 22. Qd1 Nxg3 23. fxg3 Qb2 24. Bc1 Qc3 25. Kh2 Nd4 26. e3 Qc2 27. Qxc2
Nxc2 28. a5 Bb5 29. Be4 Nb4 30. d4 cxd4 31. exd4 Nc6 32. Bxc6 Bxc6 33. Kg1 e5
34. dxe5 dxe5 35. Kf2 f6 36. h4 Kf7 37. Ke3 Ke6 38. Ba3 f5 39. Bf8 Kf7 40. Bh6
Ke6 41. Bg5 1/2-1/2

[Event "29. Schweinfurt Open"]
[Site "Schweinfurt"]
[Date "2019.06.23"]
[Round "6.19"]
[White "Peuckert, Ruediger"]
[Black "Koehler, Michael"]
[Result "1-0"]
[WhiteElo "1783"]
[BlackElo "1625"]
[PlyCount "87"]
[EventDate "2019.??.??"]
[WhiteTeam "SK Schweinfurt 2000"]
[BlackTeam "SC Prichsenstadt"]

1. e4 e6 2. Nf3 d5 3. exd5 exd5 4. d4 Bd6 5. Bd3 Ne7 6. Ng5 Bf5 7. Qf3 Qd7 8.
Nc3 c6 9. Bd2 O-O 10. O-O-O h6 11. Bxf5 Nxf5 12. Nh3 Nxd4 13. Qd3 Ne6 14. g4 b5
15. f4 b4 16. Ne2 Nc5 17. Qf3 b3 18. axb3 Qb7 19. g5 Qa6 20. Kb1 hxg5 21. Nxg5
Nbd7 22. Bc3 f6 23. Nh3 Ne4 24. Rhg1 Nxc3+ 25. Nxc3 Rf7 26. Nxd5 cxd5 27. Qxd5
Bc5 28. Qxa8+ Rf8 29. Qd5+ Rf7 30. Rge1 Qc8 31. Rd3 Nb6 32. Qd8+ Qxd8 33. Rxd8+
Kh7 34. Ree8 Kg6 35. Re2 Kf5 36. c3 Be7 37. Rd3 Bf8 38. Kc2 Rc7 39. Kd2 Rc8 40.
Rd4 Rc7 41. Nf2 Nc8 42. Rc4 Rxc4 43. bxc4 Kxf4 44. Re8 1-0

[Event "29. Schweinfurt Open"]
[Site "Schweinfurt"]
[Date "2019.06.23"]
[Round "6.20"]
[White "Senft, Katharina"]
[Black "Blank, Stefan"]
[Result "0-1"]
[WhiteElo "1503"]
[BlackElo "1752"]
[PlyCount "94"]
[EventDate "2019.??.??"]
[WhiteTeam "SK Arnstein"]
[BlackTeam "SC Sulzbach"]

1. e4 c5 2. f4 d6 3. Nf3 Nc6 4. Bb5 Bd7 5. d4 cxd4 6. Nxd4 Qb6 7. Bxc6 Bxc6 8.
Nxc6 Qxc6 9. Nc3 Nf6 10. Qf3 g6 11. Be3 Bg7 12. O-O O-O 13. Rad1 b5 14. e5 Qxf3
15. Rxf3 dxe5 16. fxe5 Ng4 17. Rg3 Nxe5 18. Bd4 Rfd8 19. h3 b4 20. Ne2 Nc6 21.
Rgd3 e5 22. Bc5 Rxd3 23. Rxd3 Bf8 24. Bf2 a5 25. g4 Rd8 26. Rxd8 Nxd8 27. c4
bxc3 28. Nxc3 Nc6 29. Kg2 f5 30. Kf3 Kf7 31. Bb6 Ke6 32. Ne2 Bg7 33. b3 e4+ 34.
Ke3 Bh6+ 35. Kf2 Bd2 36. Bc5 Kd5 37. Be3 Bxe3+ 38. Kxe3 Ke5 39. g5 Nb4 40. a4
Nd5+ 41. Kf2 f4 42. h4 Nb4 43. Nc1 Nd3+ 44. Nxd3+ exd3 45. Ke1 f3 46. b4 axb4
47. a5 Kd6 0-1

[Event "29. Schweinfurt Open"]
[Site "Schweinfurt"]
[Date "2019.06.23"]
[Round "6.22"]
[White "Drewes, Thomas"]
[Black "Loew, Leonid"]
[Result "1/2-1/2"]
[WhiteElo "1740"]
[BlackElo "1360"]
[PlyCount "55"]
[EventDate "2019.??.??"]
[WhiteTeam "SV Würzburg"]
[BlackTeam "Allersberger SC"]

1. d4 d5 2. Bf4 Bf5 3. e3 e6 4. Bd3 Bxd3 5. Qxd3 a6 6. Nf3 c5 7. c3 c4 8. Qe2
Nf6 9. Nbd2 b5 10. e4 Nxe4 11. Nxe4 dxe4 12. Qxe4 Qd5 13. Qxd5 exd5 14. O-O f6
15. Rfe1+ Kf7 16. Re2 Nc6 17. Rae1 Be7 18. h4 Rhe8 19. g4 Bf8 20. a3 Rxe2 21.
Rxe2 Re8 22. Re1 Rxe1+ 23. Nxe1 Ke6 24. Kg2 a5 25. Bc1 b4 26. axb4 axb4 27. f4
f5 28. g5 1/2-1/2

[Event "29. Schweinfurt Open"]
[Site "Schweinfurt"]
[Date "2019.06.23"]
[Round "6.24"]
[White "Ankenbrand, Franz"]
[Black "Reichert, Claudia"]
[Result "1-0"]
[WhiteElo "1360"]
[BlackElo "1682"]
[PlyCount "85"]
[EventDate "2019.??.??"]
[WhiteTeam "SF Zeiler Turm"]
[BlackTeam "DT Münnerstadt"]

1. e4 e5 2. c4 Bc5 3. d3 d6 4. Nc3 Nc6 5. Nf3 f5 6. Be3 Bb6 7. Bxb6 axb6 8. a3
Nge7 9. Be2 O-O 10. O-O Ng6 11. g3 f4 12. Kh1 Bh3 13. Rg1 Kh8 14. Bf1 Bxf1 15.
Qxf1 fxg3 16. Rxg3 Nf4 17. Nd5 Nxd5 18. cxd5 Ne7 19. Ng5 Qd7 20. Ne6 Rf7 21.
Qg2 g6 22. Rc1 c6 23. Rh3 Rc8 24. Ng5 Rg7 25. Rf3 cxd5 26. Rxc8+ Qxc8 27. Nf7+
Kg8 28. Nh6+ Kh8 29. Qg5 dxe4 30. dxe4 Qe8 31. Qf6 Qc8 32. Qf8+ Qxf8 33. Rxf8+
Rg8 34. Nxg8 Nxg8 35. Rb8 b5 36. Rxb7 Nf6 37. f3 d5 38. exd5 Nxd5 39. Rxb5 Ne3
40. Rxe5 Nc4 41. Rb5 Kg7 42. a4 Nd6 43. Rb4 1-0

[Event "29. Schweinfurt Open"]
[Site "Schweinfurt"]
[Date "2019.06.23"]
[Round "6.25"]
[White "Roth, Ludwig"]
[Black "Neuhoff, Laertes"]
[Result "1/2-1/2"]
[WhiteElo "1562"]
[BlackElo "1424"]
[PlyCount "71"]
[EventDate "2019.??.??"]
[WhiteTeam "Spvgg Stetten"]
[BlackTeam "SG Leipzig"]

1. e4 e5 2. Nf3 Nc6 3. Bc4 Bc5 4. c3 Nf6 5. d4 exd4 6. cxd4 Bb4+ 7. Nc3 Nxe4 8.
O-O Nxc3 9. bxc3 Bxc3 10. Ba3 d5 11. Rc1 Bb4 12. Bxb4 Nxb4 13. Qa4+ Nc6 14. Bb5
Bd7 15. Rfe1+ Kf8 16. Ne5 Nxe5 17. Rxe5 c6 18. Bd3 b6 19. Rce1 g6 20. Qc2 Kg7
21. f4 Re8 22. Rxe8 Bxe8 23. f5 Qh4 24. Qc3 Bd7 25. fxg6 hxg6 26. Rf1 Rh8 27.
h3 Bxh3 28. Qxc6 Qxd4+ 29. Rf2 Qxd3 30. Qf6+ Kh7 31. Qh4+ Kg8 32. Qd8+ Kg7 33.
Qf6+ Kh7 34. Qh4+ Kg8 35. Qd8+ Kg7 36. Qf6+ 1/2-1/2

[Event "29. Schweinfurt Open"]
[Site "Schweinfurt"]
[Date "2019.06.23"]
[Round "6.26"]
[White "Cebulla, Martin"]
[Black "Roth, Claudia"]
[Result "1-0"]
[WhiteElo "1716"]
[BlackElo "1052"]
[PlyCount "59"]
[EventDate "2019.??.??"]
[WhiteTeam "SV Würzburg"]
[BlackTeam "Spvgg Stetten"]

1. c4 c5 2. Nf3 Nf6 3. Nc3 Nc6 4. e4 e6 5. d4 d5 6. cxd5 exd5 7. exd5 Nxd5 8.
dxc5 Qe7+ 9. Qe2 Nxc3 10. bxc3 Bg4 11. Qxe7+ Bxe7 12. Be2 O-O 13. Be3 Rfe8 14.
Rb1 Na5 15. O-O Rad8 16. Bb5 Bxf3 17. Bxe8 Bxg2 18. Bxf7+ Kxf7 19. Kxg2 Rd5 20.
Rb5 b6 21. c6 Rd8 22. c7 Rc8 23. Bf4 Nc4 24. Rd1 Ke6 25. Rbd5 h6 26. Rd8 Bxd8
27. Rxd8 g5 28. Bg3 b5 29. Rxc8 Kd7 30. Rd8+ 1-0

[Event "29. Schweinfurt Open"]
[Site "Schweinfurt"]
[Date "2019.06.23"]
[Round "6.28"]
[White "Burzler, Fabian"]
[Black "Westerhoff, Ralf"]
[Result "0-1"]
[WhiteElo "890"]
[BlackElo "1487"]
[PlyCount "97"]
[EventDate "2019.??.??"]
[WhiteTeam "SC Prichsenstadt / SW"]
[BlackTeam "SV Kaponier Vechta"]

1. d4 d5 2. Bf4 e6 3. Nf3 Nf6 4. e3 c5 5. c3 Nc6 6. Nbd2 Bd7 7. Be2 Be7 8. Qc2
O-O 9. Ne5 cxd4 10. exd4 Rc8 11. Nxd7 Nxd7 12. Rc1 Nxd4 13. Qd3 Bf6 14. O-O
Nxe2+ 15. Qxe2 Qa5 16. a3 Qb6 17. Nf3 Nc5 18. Be5 Bxe5 19. Nxe5 Rc7 20. b4 Ne4
21. Qb2 Rfc8 22. c4 dxc4 23. Qe2 Qd4 24. Nf3 Qd3 25. Rfe1 Qxe2 26. Rxe2 Nf6 27.
Rd2 Nd5 28. Ne5 c3 29. Rd4 c2 30. g3 Rc3 31. Kg2 Rxa3 32. Rd2 Rac3 33. b5 a6
34. bxa6 bxa6 35. Nd7 a5 36. Nb8 Rxb8 37. Rdxc2 Rxc2 38. Rxc2 a4 39. Rc1 a3 40.
Ra1 Rb3 41. Rc1 g6 42. Ra1 Nc3 43. Kf3 a2 44. Rc1 Rb1 45. Rxc3 a1=Q 46. Rc8+
Kg7 47. Rd8 Qf6+ 48. Kg2 Qxd8 49. Kh3 0-1

[Event "29. Schweinfurt Open"]
[Site "Schweinfurt"]
[Date "2019.06.23"]
[Round "6.29"]
[White "Alekhin, Evgenii"]
[Black "Leichum, Engelbert"]
[Result "0-1"]
[WhiteElo "1051"]
[BlackElo "1601"]
[PlyCount "86"]
[EventDate "2019.??.??"]
[WhiteTeam "SK Schweinfurt 2000"]
[BlackTeam "(vls) Frankfurt"]

1. b4 e5 2. Bb2 Bxb4 3. Bxe5 Nf6 4. Nc3 Nc6 5. Bxf6 Qxf6 6. Nd5 Qd6 7. Nxb4
Nxb4 8. e4 Qf6 9. c3 Nc6 10. Bc4 O-O 11. Nf3 Ne7 12. e5 Qg6 13. g3 b6 14. Nh4
Qe4+ 15. Be2 Qxh1+ 16. Bf1 Qe4+ 17. Be2 Qxe5 18. f4 Qe4 19. Nf3 Re8 20. Ng5
Qh1+ 21. Bf1 Nd5+ 22. Kf2 Qxh2+ 23. Bg2 Bb7 24. Nf3 Qh6 25. Qb3 Re7 26. Qc2
Rae8 27. Ne5 Nxf4 28. Rh1 Nh3+ 29. Rxh3 Qf6+ 30. Kg1 h6 31. Ng4 Re1+ 32. Kh2
Qe6 33. Bxb7 Qxg4 34. Rh4 Qe2+ 35. Bg2 Qf2 36. Rf4 Qg1+ 37. Kh3 R8e6 38. Qa4
R1e2 39. Qxd7 Qxg2+ 40. Kg4 h5+ 41. Kxh5 R2e5+ 42. Kh4 Rh6+ 43. Kg4 Rg6+ 0-1

[Event "29. Schweinfurt Open"]
[Site "Schweinfurt"]
[Date "2019.06.23"]
[Round "6.31"]
[White "Memmel, Stefan"]
[Black "Bokov, Igor"]
[Result "1-0"]
[WhiteElo "1365"]
[BlackElo "796"]
[PlyCount "51"]
[EventDate "2019.??.??"]
[WhiteTeam "SK Schweinfurt 2000"]
[BlackTeam "SK Schweinfurt 2000"]

1. e4 c5 2. Nf3 Nf6 3. Nc3 g6 4. Bc4 Bg7 5. d3 O-O 6. O-O Nc6 7. Rb1 Nd4 8.
Nxd4 cxd4 9. Ne2 Ng4 10. h3 Nh6 11. Nxd4 Bxd4 12. Bxh6 Re8 13. Qf3 e6 14. Be3
Be5 15. Bf4 Bd4 16. c3 Bb6 17. d4 d5 18. Bd3 dxe4 19. Bxe4 Rb8 20. Bxb8 Bd7 21.
Be5 Bb5 22. Bd3 Bc6 23. Qf6 Qxf6 24. Bxf6 Bd8 25. Bxd8 Rxd8 26. f3 1-0

[Event "29. Schweinfurt Open"]
[Site "Schweinfurt"]
[Date "2019.06.23"]
[Round "7.1"]
[White "Peschel, Andreas"]
[Black "Bussard, Christian"]
[Result "1/2-1/2"]
[WhiteElo "2170"]
[BlackElo "2285"]
[PlyCount "54"]
[EventDate "2019.??.??"]
[WhiteTeam "SG Solingen"]
[BlackTeam "SG Niederkassel"]

1. Nf3 Nf6 2. g3 g6 3. b3 Bg7 4. Bb2 d6 5. d4 O-O 6. Bg2 c6 7. Nc3 Bg4 8. Qd2
Qc7 9. O-O Na6 10. Rfe1 Rad8 11. Qf4 Rfe8 12. Ne4 Nxe4 13. Qxg4 Nf6 14. Qf4 c5
15. dxc5 Nxc5 16. c4 Nh5 17. Qc1 Qb6 18. Bxg7 Nxg7 19. Qc2 Nce6 20. Rad1 Rc8
21. Bh3 Rc5 22. Bxe6 Nxe6 23. Rd5 Rec8 24. Red1 Rxd5 25. Rxd5 Rc5 26. Qd2 Qc7
27. Ng5 Nxg5 1/2-1/2

[Event "29. Schweinfurt Open"]
[Site "Schweinfurt"]
[Date "2019.06.23"]
[Round "7.2"]
[White "Minor, Viatcheslav"]
[Black "Milovanovic, Milos"]
[Result "0-1"]
[WhiteElo "2032"]
[BlackElo "2025"]
[PlyCount "118"]
[EventDate "2019.??.??"]
[WhiteTeam "SV Eisenach"]
[BlackTeam "SF Gottmadingen"]

1. e4 c5 2. d3 Nc6 3. Nf3 g6 4. g3 Bg7 5. Bg2 e6 6. O-O Nge7 7. c3 O-O 8. Re1
Rb8 9. a4 a6 10. e5 d6 11. Bf4 Nd5 12. Bg5 Qb6 13. c4 Ndb4 14. a5 Qc7 15. Nc3
dxe5 16. Qe2 f6 17. Bc1 Nxa5 18. Ra3 b6 19. g4 h6 20. Nh4 g5 21. Ng6 Rd8 22.
Be4 Bb7 23. h4 Nac6 24. Be3 Nd4 25. Bxd4 exd4 26. Bxb7 Rxb7 27. Qxe6+ Qf7 28.
Ne7+ Kf8 29. Ncd5 Nc2 30. Qc6 Rbd7 31. Re6 Nxa3 32. bxa3 b5 33. cxb5 axb5 34.
h5 c4 35. Ng6+ Kg8 36. Nde7+ Rxe7 37. Rxe7 Qd5 38. Re8+ Kh7 39. Qxd5 Rxd5 40.
Kf1 f5 41. gxf5 Rxf5 42. Rc8 c3 43. Ne7 Re5 44. Rc7 g4 45. Ng6 Rxh5 46. Nf8+
Kg8 47. Ne6 Bf6 48. Nc5 Rf5 49. Ne4 Bg7 50. Ke2 Bf8 51. Rc8 Kh7 52. Rc7+ Kg6
53. Rc6+ Kf7 54. Kd1 h5 55. Rc7+ Ke8 56. Rh7 Bxa3 57. Rxh5 Rxh5 58. Nf6+ Kf7
59. Nxh5 Bd6 0-1

[Event "29. Schweinfurt Open"]
[Site "Schweinfurt"]
[Date "2019.06.23"]
[Round "7.3"]
[White "Weise, Martin"]
[Black "Kornitzky, Tino"]
[Result "1/2-1/2"]
[WhiteElo "2122"]
[BlackElo "2098"]
[PlyCount "43"]
[EventDate "2019.??.??"]
[WhiteTeam "SC Fulda"]
[BlackTeam "FC Bayern München"]

1. Nf3 d5 2. e3 Nf6 3. c4 e6 4. b3 Be7 5. Bb2 Nbd7 6. Nc3 c6 7. d4 O-O 8. Bd3
b6 9. O-O Bb7 10. Qe2 c5 11. Rfd1 Rc8 12. Rac1 Qc7 13. dxc5 bxc5 14. Bb1 dxc4
15. bxc4 Rfd8 16. Ng5 h6 17. Nge4 Qb8 18. f3 Nf8 19. Ba1 Ba8 20. Bd3 a6 21. Rb1
Qc7 22. Bc2 1/2-1/2

[Event "29. Schweinfurt Open"]
[Site "Schweinfurt"]
[Date "2019.06.23"]
[Round "7.4"]
[White "Schmitz, Wolfgang"]
[Black "Krenz, Dieter"]
[Result "0-1"]
[WhiteElo "2017"]
[BlackElo "1927"]
[PlyCount "92"]
[EventDate "2019.??.??"]
[WhiteTeam "SC Prichsenstadt"]
[BlackTeam "SC Prichsenstadt"]

1. e4 Nf6 2. Nc3 d5 3. e5 d4 4. exf6 dxc3 5. bxc3 exf6 6. d4 Bd6 7. Nf3 O-O 8.
Be2 Bg4 9. O-O Re8 10. Rb1 b6 11. Be3 c6 12. Re1 Nd7 13. c4 f5 14. Qd2 Qc7 15.
g3 Nf6 16. c5 bxc5 17. dxc5 Bf8 18. Bf4 Qd8 19. Qxd8 Raxd8 20. Ne5 Bxe2 21.
Rxe2 Rd5 22. Rbe1 Re6 23. Kg2 Rxc5 24. Nd3 Rxe2 25. Rxe2 Ra5 26. c4 h6 27. Rb2
Kh7 28. Ne5 Ra6 29. Nxf7 Bc5 30. f3 Ra4 31. Ne5 Bd4 32. Rc2 Ra6 33. Kh3 g5 34.
Rd2 c5 35. Nd3 gxf4 36. Nxf4 Be3 37. Re2 Bxf4 38. gxf4 Nh5 39. Re5 Nxf4+ 40.
Kg3 Nh5+ 41. Kh3 Kg6 42. Rxc5 Rxa2 43. Rc8 Kg5 44. Rg8+ Kf4 45. Rf8 a5 46. c5
Rc2 0-1

[Event "29. Schweinfurt Open"]
[Site "Schweinfurt"]
[Date "2019.06.23"]
[Round "7.5"]
[White "Maar, Samuel"]
[Black "Stadler, Andreas"]
[Result "1-0"]
[WhiteElo "1966"]
[BlackElo "2025"]
[PlyCount "37"]
[EventDate "2019.??.??"]
[WhiteTeam "Sfr. Bad Emstal/Wolfhagen"]
[BlackTeam "SK München Südost"]

1. e4 e6 2. d4 d5 3. Nd2 dxe4 4. Nxe4 Nd7 5. Nf3 Ngf6 6. Bd3 Be7 7. O-O O-O 8.
Qe2 c5 9. Rd1 Qc7 10. Bg5 Re8 11. dxc5 Bxc5 12. Bxf6 Nxf6 13. Nxf6+ gxf6 14.
Bb5 Rf8 15. Rd3 f5 16. Rad1 a6 17. Ng5 h6 18. Qh5 Kg7 19. Rh3 1-0

[Event "29. Schweinfurt Open"]
[Site "Schweinfurt"]
[Date "2019.06.23"]
[Round "7.6"]
[White "Brueckner, Alexander"]
[Black "Eichenauer, Pascal"]
[Result "1/2-1/2"]
[WhiteElo "1875"]
[BlackElo "1822"]
[PlyCount "63"]
[EventDate "2019.??.??"]
[WhiteTeam "SF Augsburg / SW"]
[BlackTeam "SV Würzburg"]

1. e4 e5 2. Nf3 Nc6 3. d4 exd4 4. Bc4 Nf6 5. e5 d5 6. Bb5 Ne4 7. Nxd4 Bd7 8.
Bxc6 bxc6 9. O-O c5 10. Nb3 Bc6 11. c3 Be7 12. Be3 c4 13. Nd4 Qd7 14. Nd2 Nc5
15. Nxc6 Qxc6 16. Bxc5 Bxc5 17. Nf3 O-O 18. Nd4 Qb6 19. Qd2 Rab8 20. Rab1 Bxd4
21. cxd4 c5 22. Rfd1 cxd4 23. Qxd4 Rfd8 24. Qxb6 axb6 25. Rd4 b5 26. a3 b4 27.
axb4 Rxb4 28. Rbd1 Rxb2 29. Rxc4 d4 30. Kf1 d3 31. Rxd3 Ra8 32. Rc1 1/2-1/2

[Event "29. Schweinfurt Open"]
[Site "Schweinfurt"]
[Date "2019.06.23"]
[Round "7.7"]
[White "Kuhn, Norbert"]
[Black "Perez Celis, Alba"]
[Result "1/2-1/2"]
[WhiteElo "2045"]
[BlackElo "1822"]
[PlyCount "42"]
[EventDate "2019.??.??"]
[WhiteTeam "SV Würzburg"]
[BlackTeam "SV Malchow / NES"]

1. e4 e5 2. d4 exd4 3. Nf3 Nc6 4. c3 d5 5. exd5 Qxd5 6. cxd4 Bg4 7. Be2 O-O-O
8. Be3 Nf6 9. Nc3 Bb4 10. O-O Qd7 11. Qa4 Bxc3 12. bxc3 Nd5 13. Qb3 Rhe8 14.
Rab1 Nb6 15. Rfe1 Be6 16. d5 Bxd5 17. c4 Na5 18. Qa3 Nbxc4 19. Bxc4 Nxc4 20.
Qxa7 b6 21. Bf4 Qc6 1/2-1/2

[Event "29. Schweinfurt Open"]
[Site "Schweinfurt"]
[Date "2019.06.23"]
[Round "7.8"]
[White "Roth, Jakob"]
[Black "Hasselbacher, Uwe"]
[Result "1/2-1/2"]
[WhiteElo "1888"]
[BlackElo "1766"]
[PlyCount "56"]
[EventDate "2019.??.??"]
[WhiteTeam "Spvgg Stetten"]
[BlackTeam "SC Fulda"]

1. d4 Nf6 2. c4 g6 3. Nc3 Bg7 4. e4 d6 5. Be2 Nbd7 6. Nf3 O-O 7. O-O e5 8. Be3
Ng4 9. Bg5 f6 10. Bc1 f5 11. Ng5 Ndf6 12. h3 Nh6 13. dxe5 dxe5 14. Qb3 c6 15.
Be3 Qe7 16. Na4 Nd7 17. c5+ Kh8 18. Ne6 f4 19. Nxf8 Nxf8 20. Bd2 Ne6 21. Bc3
Ng5 22. Qd1 Nxh3+ 23. gxh3 Bxh3 24. Bf3 Qg5+ 25. Kh2 Ng4+ 26. Bxg4 Bxg4 27. f3
Qh4+ 28. Kg1 Qg3+ 1/2-1/2

[Event "29. Schweinfurt Open"]
[Site "Schweinfurt"]
[Date "2019.06.23"]
[Round "7.9"]
[White "Blank, Stefan"]
[Black "Wiener, Horst"]
[Result "1-0"]
[WhiteElo "1752"]
[BlackElo "1943"]
[PlyCount "139"]
[EventDate "2019.??.??"]
[WhiteTeam "SC Sulzbach"]
[BlackTeam "SK Schweinfurt 2000"]

1. e4 d6 2. d4 Nf6 3. f3 g6 4. c4 Bg7 5. Nc3 O-O 6. Be3 Nbd7 7. Qd2 e6 8. g4 c5
9. Nb5 Ne8 10. dxc5 dxc5 11. Bxc5 Qh4+ 12. Bf2 Qf6 13. Bd4 Qh4+ 14. Qf2 Qxf2+
15. Kxf2 a6 16. Bxg7 Kxg7 17. Nc3 Ne5 18. Rd1 Nc7 19. Be2 g5 20. Nh3 h6 21. f4
gxf4 22. Nxf4 Bd7 23. b3 Bc6 24. Rhg1 f6 25. Ke3 Kf7 26. Nd3 Nxd3 27. Rxd3 Rg8
28. Rgd1 Ke7 29. Bf3 Rg5 30. b4 Re5 31. h4 Rg8 32. Kf4 Rf8 33. Ne2 Ba4 34. R1d2
Rc8 35. Nc3 Be8 36. Rd6 b5 37. c5 a5 38. a3 Ra8 39. Ra2 axb4 40. axb4 Rxa2 41.
Nxa2 Bd7 42. Rb6 Kd8 43. Rb8+ Bc8 44. Nc1 Na6 45. Rxb5 Bd7 46. Rb6 Nxc5 47.
bxc5 Rxc5 48. Nd3 Rc3 49. Be2 Kc7 50. Rb1 e5+ 51. Ke3 Kd6 52. Kd2 Ra3 53. Rb6+
Ke7 54. Rb7 Kd6 55. Rb6+ Ke7 56. Nc5 Ra2+ 57. Ke3 Ra3+ 58. Rb3 Ra7 59. Rb7 Rxb7
60. Nxb7 Bc6 61. Na5 Ba4 62. Nc4 Be8 63. Nb6 Bc6 64. Nd5+ Kf7 65. Bc4 Kg7 66.
Ne7 Bd7 67. Nf5+ Kh7 68. Bf7 Bxf5 69. gxf5 Kg7 70. Bg6 1-0

[Event "29. Schweinfurt Open"]
[Site "Schweinfurt"]
[Date "2019.06.23"]
[Round "7.10"]
[White "Langguth, Rolf"]
[Black "Markwardt, Sven"]
[Result "1-0"]
[WhiteElo "1927"]
[BlackElo "1729"]
[PlyCount "79"]
[EventDate "2019.??.??"]
[WhiteTeam "SK Schweinfurt 2000"]
[BlackTeam "SK Schweinfurt 2000"]

1. Nf3 Nf6 2. c4 c5 3. g3 d5 4. cxd5 Nxd5 5. Bg2 Nc6 6. O-O e5 7. d3 Be7 8. Nc3
Be6 9. Bd2 Rc8 10. a3 Qd7 11. Re1 O-O 12. Rc1 f6 13. Nxd5 Bxd5 14. Bc3 Qe6 15.
e3 Rfd8 16. d4 Bb3 17. Qe2 Bc4 18. Qc2 Bb3 19. Qb1 e4 20. Nd2 f5 21. Bh3 Bd5
22. dxc5 Ne5 23. Bxe5 Qxe5 24. b4 Be6 25. Qc2 Rd3 26. Nc4 Qd5 27. Qa4 Rd8 28.
Bf1 g5 29. Qxa7 f4 30. Qa4 Bg4 31. exf4 gxf4 32. gxf4 Bf3 33. Ne5 Kh8 34. Nxf3
Rg8+ 35. Bg2 e3 36. fxe3 Qxf3 37. Qc2 Bh4 38. Qb2+ Rg7 39. Qxg7+ Kxg7 40. Bxf3
1-0